000 00475nam a22001937a 4500
003 MPLRDC
005 20220104124412.0
008 210129b ||||| |||| 00| 0 eng d
020 _a983-9093-57-6
082 _a868.71 YYZ
100 _a叶玉昭
245 _a既然是我
_c
250 _a初版
260 _a马来西亚
_b文桥传播中心有限公司
_c2000
300 _b144
490 _a文桥丛书: 64
650 _a马华文学
942 _cBK
_o868.71 YYZ
999 _c19041
_d19031